Normal view
MARC view
Entry Personal Name
001 - CONTROL NUMBER
- control field: 15652
003 - CONTROL NUMBER IDENTIFIER
- control field: ARRUPE
005 - DATE AND TIME OF LATEST TRANSACTION
- control field: 20150227171738.0
008 - FIXED-LENGTH DATA ELEMENTS
- fixed length control field: 150227|| aca||aabn | a|a d
040 ## - CATALOGING SOURCE
- Original cataloging agency: ARRUPE
- Transcribing agency: ARRUPE
100 ## - HEADING--PERSONAL NAME
- Personal name: Hodgson, Peter Crafts,
- Dates associated with a name: 1934-
670 ## - SOURCE DATA FOUND
- Source citation: Work cat.: (ARRUPE)0: Hodgson, Peter Crafts, 1934-, God in history :, c1989.